CA Osasuna Squad 2025-2026 - Statistics

General Stats
  • This quiz has been taken 151 times
    65 since last reset
  • The average score is 16 of 23
Answer Stats
# Position Nation Player % Correct
17 FW Croatia Ante Budimir
97%
18 FW Suriname Sheraldo Becker
95%
14 FW Spain Rubén García
89%
9 FW Spain Raúl García
86%
1 GK Spain Sergio Herrera
84%
21 FW Spain Víctor Muñoz
81%
22 DF Cameroon Enzo Boyomo
78%
6 MF Spain Lucas Torró
78%
13 GK Spain Aitor Fernández
76%
- Coach Italy Alessio Lisci
70%
20 DF Spain Javi Galán
70%
5 DF Spain Jorge Herrando
70%
19 DF France Valentin Rosier
70%
10 MF Spain Aimar Oroz
65%
8 MF Spain Iker Muñoz
62%
24 DF Spain Alejandro Catena
59%
15 FW Spain Raúl Moro
59%
7 MF Spain Jon Moncayola
57%
3 DF Spain Juan Cruz
57%
16 FW Spain Moi Gómez
49%
11 FW Spain Kike Barja
43%
23 DF Spain Abel Bretones
38%
2 FW Spain Iker Benito
32%
No matching quizzes found
Score Distribution
Percent of People with Each Score
Percentile by Number Answered
Your Score History
You have not taken this quiz since the last reset